[Event "Niederbayrische Meisterschaft"]
[Site "?"]
[Date "2015.06.20"]
[Round "6.5"]
[White "Schoenbuchner, Gerhard"]
[Black "Palmi, Herbert"]
[Result "0-1"]
[WhiteElo "1793"]
[BlackElo "2082"]
[PlyCount "106"]
[EventDate "2015.06.26"]
[SourceDate "2015.09.06"]
[WhiteTeam "TSV Aidenbach"]
[BlackTeam "SC Bayerwald Regen/Zwiesel"]
[WhiteTeamCountry "GER"]
[BlackTeamCountry "GER"]

1. e4 e6 2. d4 d5 3. exd5 exd5 4. Bf4 Bd6 5. Bxd6 Qxd6 6. Nc3 c6 7. Nf3 Bf5 8.
Bd3 Ne7 9. Qd2 Nd7 10. O-O-O Bxd3 11. Qxd3 O-O-O 12. Rde1 Ng6 13. g3 Rde8 14.
h4 h6 15. h5 Rxe1+ 16. Rxe1 Ne7 17. Ne5 Qf6 18. f4 Nxe5 19. dxe5 Qf5 20. Qf3 g5
21. g4 Qxf4+ 22. Qxf4 gxf4 23. Rf1 Kd7 24. Rxf4 Ke6 25. Rf6+ Kxe5 26. Rxf7 Ke6
27. Rf4 Rg8 28. Kd2 Nc8 29. Ke3 Nd6 30. Kf3 b6 31. b4 Nc4 32. Ne2 c5 33. bxc5
bxc5 34. Ng3 Ne5+ 35. Kg2 Nxg4 36. Ra4 Rg7 37. Ra6+ Ke5 38. Rc6 Nf6 39. Kh3 c4
40. Rc8 Rb7 41. Rh8 Rb2 42. Rxh6 Rxc2 43. Rg6 Nxh5 44. Nxh5 Rxa2 45. Rg5+ Kd6
46. Nf4 Ra5 47. Rg6+ Ke5 48. Kg4 Kd4 49. Kf5 c3 50. Ne6+ Kc4 51. Rg4+ d4+ 52.
Ke4 c2 53. Nxd4 c1=Q 0-1

[Event "Niederbayrische Meisterschaft"]
[Site "?"]
[Date "2015.06.20"]
[Round "6.6"]
[White "Gschwendtner, Stanislav"]
[Black "Beutel, Hubert"]
[Result "0-1"]
[WhiteElo "2019"]
[BlackElo "2041"]
[PlyCount "144"]
[EventDate "2015.06.26"]
[SourceDate "2015.09.06"]
[WhiteTeam "SC Bayerwald Regen/Zwiesel"]
[BlackTeam "SK Passau 1869"]
[WhiteTeamCountry "GER"]
[BlackTeamCountry "GER"]

1. d4 Nf6 2. c4 c5 3. Nf3 e6 4. g3 b6 5. d5 exd5 6. cxd5 d6 7. Nc3 g6 8. Bg2
Bg7 9. Qa4+ Bd7 10. Qh4 O-O 11. Bg5 Re8 12. O-O b5 13. Ne4 Rxe4 14. Qxe4 Nxe4
15. Bxd8 Bxb2 16. Rab1 Bg7 17. Ba5 b4 18. Rfe1 Nc3 19. Rb2 Bb5 20. Rc2 Nd7 21.
a3 Ba4 22. Rcc1 Rb8 23. axb4 cxb4 24. Bc7 Rc8 25. Bxd6 Nxe2+ 26. Rxe2 Rxc1+ 27.
Re1 Rxe1+ 28. Nxe1 b3 29. Ba3 b2 30. Be4 Nb6 31. d6 Nc4 32. Bc5 Bd7 33. Bxa7
Nd2 34. Bc2 b1=Q 35. Bxb1 Nxb1 36. Nd3 Kf8 37. Nc5 Ke8 38. Na6 Nc3 39. Nc7+ Kd8
40. Bb6 Kc8 41. Ba5 Bc6 42. Na6 Ne2+ 43. Kf1 Nd4 44. Nc5 Nf3 45. h4 Bd4 46. Bb6
Bxc5 47. Bxc5 Nd2+ 48. Ke2 Ne4 49. Bb4 Kd7 50. Ke3 Nxd6 51. g4 Ke6 52. Kf4 f6
53. g5 f5 54. Bc5 Kd5 55. Ba7 Nc4 56. f3 Ke6 57. Kg3 Nd2 58. f4 Kd5 59. Bb8 Ke4
60. h5 Kd3 61. hxg6 hxg6 62. Bc7 Ba4 63. Bb8 Bd1 64. Bc7 Bh5 65. Bb8 Ke2 66.
Bc7 Bf3 67. Bb8 Bd5 68. Bc7 Nf1+ 69. Kh3 Kf3 70. Kh4 Ng3 71. Bb8 Ne2 72. Bc7
Nxf4 0-1

[Event "Niederbayrische Meisterschaft"]
[Site "?"]
[Date "2015.06.20"]
[Round "6.7"]
[White "Bangert, Rüdiger"]
[Black "Zinner, Bernhard"]
[Result "0-1"]
[WhiteElo "1614"]
[BlackElo "1708"]
[PlyCount "82"]
[EventDate "2015.06.26"]
[SourceDate "2015.09.06"]
[WhiteTeam "SC Bayerwald Regen/Zwiesel"]
[BlackTeam "TV 1862 Geiselhöring"]
[WhiteTeamCountry "GER"]
[BlackTeamCountry "GER"]

1. d4 d5 2. c4 c6 3. e3 Nf6 4. Nc3 g6 5. Nf3 Bg7 6. Be2 O-O 7. O-O Nbd7 8. cxd5
cxd5 9. Bd2 a6 10. Rc1 b5 11. b3 Re8 12. Ne5 Nxe5 13. dxe5 Ne4 14. Nxe4 dxe4
15. f4 exf3 16. Bxf3 Ra7 17. Bc3 Rd7 18. Qc2 Rc7 19. Qb2 Qd3 20. Rfe1 Be6 21.
Bd4 Rxc1 22. Rxc1 b4 23. Be2 Qe4 24. Bxa6 Bh6 25. Qe2 Ra8 26. Re1 Bg4 27. Qb5
Qc2 28. Ra1 Bxe3+ 29. Bxe3 Qc3 30. Qf1 Qxe3+ 31. Kh1 Qxe5 32. Bc4 e6 33. h3 Bf5
34. Re1 Qc3 35. Qf2 Rxa2 36. Qh4 Qd2 37. Rg1 Kg7 38. Qg3 Qf2 39. Qe5+ Kh6 40.
Kh2 Qh4 41. Qd6 Qxh3# 0-1

[Event "Niederbayrische Meisterschaft"]
[Site "?"]
[Date "2015.06.20"]
[Round "6.8"]
[White "Seidl, Josef"]
[Black "Bergmann, Reiner"]
[Result "0-1"]
[WhiteElo "1177"]
[BlackElo "1841"]
[PlyCount "74"]
[EventDate "2015.06.26"]
[SourceDate "2015.09.06"]
[WhiteTeam "TSV Kreuzberg"]
[BlackTeam "SC Bayerwald Regen/Zwiesel"]
[WhiteTeamCountry "GER"]
[BlackTeamCountry "GER"]

1. Nf3 d6 2. c4 g6 3. g3 Bg7 4. Bg2 Nf6 5. d3 O-O 6. O-O c5 7. Nbd2 Nc6 8. a3
Bd7 9. Ra2 a6 10. b3 Qc8 11. Bb2 Bh3 12. e4 Bxg2 13. Kxg2 e5 14. Ng5 h6 15. Nh3
Ng4 16. Ng1 f5 17. h3 Nf6 18. f4 fxe4 19. Nxe4 Nxe4 20. dxe4 Nd4 21. Bxd4 cxd4
22. Raf2 Qc6 23. Qd3 Rac8 24. Kh2 b5 25. Rc2 bxc4 26. Rxc4 Qb5 27. a4 Qb7 28.
Ne2 Rxc4 29. Qxc4+ Kh8 30. Nc1 Qxe4 31. Qxa6 exf4 32. Rxf4 Rxf4 33. gxf4 Qxf4+
34. Kg2 Qxc1 35. Qxd6 Qc2+ 36. Kf1 d3 37. Qe6 d2 0-1

[Event "Niederbayrische Meisterschaft"]
[Site "?"]
[Date "2015.06.20"]
[Round "6.9"]
[White "Schreiber, Egwin"]
[Black "Mittermaier, Johann"]
[Result "1/2-1/2"]
[WhiteElo "1521"]
[BlackElo "1666"]
[PlyCount "29"]
[EventDate "2015.06.26"]
[SourceDate "2015.09.06"]
[WhiteTeam "SV Deggendorf"]
[BlackTeam "SV Deggendorf"]
[WhiteTeamCountry "GER"]
[BlackTeamCountry "GER"]

1. e4 c5 2. Nf3 e6 3. Be2 Qc7 4. O-O g6 5. c3 Bg7 6. d4 Ne7 7. Na3 a6 8. Bg5 d6
9. Nc4 b5 10. Bxe7 Kxe7 11. Ne3 Rd8 12. d5 Kf8 13. dxe6 fxe6 14. Ng5 Bf6 15. f4
1/2-1/2

[Event "Niederbayrische Meisterschaft"]
[Site "?"]
[Date "2015.06.21"]
[Round "7.1"]
[White "Palmi, Herbert"]
[Black "Stadler, Alexander"]
[Result "1/2-1/2"]
[WhiteElo "2082"]
[BlackElo "2060"]
[PlyCount "121"]
[EventDate "2015.06.26"]
[SourceDate "2015.09.06"]
[WhiteTeam "SC Bayerwald Regen/Zwiesel"]
[BlackTeam "SV Röhrnbach"]
[WhiteTeamCountry "GER"]
[BlackTeamCountry "GER"]

1. b4 e5 2. Bb2 Bxb4 3. Bxe5 Nf6 4. c3 Ba5 5. c4 O-O 6. e3 Re8 7. Bb2 d5 8. Nf3
Nc6 9. Be2 Bf5 10. Nd4 Nxd4 11. Bxd4 dxc4 12. Bc3 Bxc3 13. Nxc3 Bd3 14. O-O c6
15. a4 Qd7 16. a5 b5 17. axb6 axb6 18. Bxd3 Qxd3 19. Rxa8 Rxa8 20. Ne2 Rd8 21.
Nd4 c5 22. Nc6 Re8 23. Qb1 Qxb1 24. Rxb1 Ra8 25. Kf1 Nd7 26. Ne7+ Kf8 27. Nd5
Rb8 28. f4 Ke8 29. Ke2 Kd8 30. e4 b5 31. d3 cxd3+ 32. Kxd3 Nf8 33. Nc3 Ne6 34.
Rxb5 Rxb5 35. Nxb5 Nxf4+ 36. Kc4 Nxg2 37. Kxc5 Nh4 38. Nd4 Kd7 39. e5 Ng6 40.
Kd5 Nf4+ 41. Ke4 Ne6 42. Nf5 g6 43. Nh6 Ke7 44. Ng8+ Kf8 45. Nf6 h6 46. Nd5 Kg7
47. h4 g5 48. hxg5 Nxg5+ 49. Kf5 Ne6 50. Nf6 Nd4+ 51. Ke4 Nc6 52. Kf4 Kg6 53.
Ne8 Nd4 54. Nd6 h5 55. Ke4 Ne6 56. Kf3 Ng5+ 57. Kg3 Ne6 58. Kf3 Nd8 59. Kf4 Nc6
60. Nxf7 Kxf7 61. Kg5 1/2-1/2

[Event "Niederbayrische Meisterschaft"]
[Site "?"]
[Date "2015.06.21"]
[Round "7.2"]
[White "Haselbeck, Franz"]
[Black "Golder, Waldemar"]
[Result "0-1"]
[WhiteElo "1920"]
[BlackElo "1897"]
[PlyCount "88"]
[EventDate "2015.06.26"]
[SourceDate "2015.09.06"]
[WhiteTeam "SV Deggendorf"]
[BlackTeam "SC Ergolding 1932"]
[WhiteTeamCountry "GER"]
[BlackTeamCountry "GER"]

1. Nf3 Nf6 2. g3 b5 3. Bg2 Bb7 4. O-O e6 5. d3 Be7 6. e4 d5 7. e5 Nfd7 8. Re1
c5 9. h4 Nc6 10. Bf4 Qa5 11. Nbd2 c4 12. dxc4 bxc4 13. c3 Nc5 14. Bf1 h6 15.
Qc2 Qc7 16. b4 Nd7 17. a4 a5 18. b5 Ncb8 19. Nd4 g5 20. hxg5 hxg5 21. Bxg5 Nc5
22. Bf4 Nbd7 23. N2f3 Nb6 24. Ng5 Rg8 25. Nxf7 Kxf7 26. Qh7+ Rg7 27. Qh5+ Rg6
28. Bh3 Rag8 29. Bf5 Qc8 30. Bxg6+ Rxg6 31. Re3 Qg8 32. Rf3 Ke8 33. Be3 Kd7 34.
Rb1 Rg7 35. Qh1 Nbxa4 36. Nc6 Bf8 37. Ra1 Bxc6 38. bxc6+ Kxc6 39. Rf6 Nxc3 40.
Rxa5 Nb5 41. Qf3 Be7 42. Bxc5 Bxc5 43. Ra6+ Bb6 44. Qe3 Rxg3+ 0-1

[Event "Niederbayrische Meisterschaft"]
[Site "?"]
[Date "2015.06.21"]
[Round "7.3"]
[White "Woitylak, Steffen"]
[Black "Bielmeier, Ludwig"]
[Result "1/2-1/2"]
[WhiteElo "2083"]
[BlackElo "2151"]
[PlyCount "105"]
[EventDate "2015.06.26"]
[SourceDate "2015.09.06"]
[WhiteTeam "TV 1862 Geiselhöring"]
[BlackTeam "SV Deggendorf"]
[WhiteTeamCountry "GER"]
[BlackTeamCountry "GER"]

1. Nf3 Nf6 2. b3 d6 3. d4 c6 4. e3 Nbd7 5. Bb2 g6 6. Be2 Bg7 7. O-O O-O 8. c4
Re8 9. Nc3 e5 10. dxe5 dxe5 11. b4 Qc7 12. Qc2 Nf8 13. h3 a5 14. a3 Bf5 15. Qb3
Re7 16. Na4 h6 17. bxa5 Qxa5 18. Nb6 Rae8 19. Bc3 Qa7 20. Rfd1 Ne4 21. Bb2 Ne6
22. Na4 Ra8 23. Nc3 N4c5 24. Qa2 Bc2 25. Rd2 Bb3 26. Qb1 Ree8 27. h4 h5 28. Ng5
Nxg5 29. hxg5 e4 30. Nd1 Qa5 31. Qc1 Rad8 32. Rxd8 Qe1+ 33. Bf1 Rxd8 34. Nc3
Qxc1 35. Rxc1 Nd3 36. Rb1 Bxc4 37. Ba1 Ra8 38. Nxe4 Bxa1 39. Rxa1 Ra5 40. f4
Kf8 41. Nd6 Ba6 42. Bxd3 Bxd3 43. Nxb7 Rb5 44. Rd1 Bc2 45. Rd2 Be4 46. Nd6 Rb1+
47. Kf2 Bd5 48. e4 Bb3 49. f5 gxf5 50. exf5 Ke7 51. Nc8+ Ke8 52. Nd6+ Ke7 53.
Nc8+ 1/2-1/2

[Event "Niederbayrische Meisterschaft"]
[Site "?"]
[Date "2015.06.21"]
[Round "7.4"]
[White "Zepke, Armin"]
[Black "Beutel, Hubert"]
[Result "1/2-1/2"]
[WhiteElo "2109"]
[BlackElo "2041"]
[PlyCount "31"]
[EventDate "2015.06.26"]
[SourceDate "2015.09.06"]
[WhiteTeam "SC Bayerwald Regen/Zwiesel"]
[BlackTeam "SK Passau 1869"]
[WhiteTeamCountry "GER"]
[BlackTeamCountry "GER"]

1. d4 Nf6 2. Bf4 c5 3. e3 e6 4. c3 Be7 5. Nd2 O-O 6. Bd3 cxd4 7. exd4 d6 8. Bg3
Nbd7 9. Nc4 Qc7 10. Nf3 b6 11. O-O Bb7 12. Re1 Rac8 13. Rc1 Rfd8 14. Ncd2 Qb8
15. Qe2 Nf8 16. c4 1/2-1/2

[Event "Niederbayrische Meisterschaft"]
[Site "?"]
[Date "2015.06.21"]
[Round "7.5"]
[White "Bergmann, Reiner"]
[Black "Huber, Florian"]
[Result "1/2-1/2"]
[WhiteElo "1841"]
[BlackElo "1754"]
[PlyCount "22"]
[EventDate "2015.06.26"]
[SourceDate "2015.09.06"]
[WhiteTeam "SC Bayerwald Regen/Zwiesel"]
[BlackTeam "SK Landau/Dingolfing"]
[WhiteTeamCountry "GER"]
[BlackTeamCountry "GER"]

1. e4 e5 2. Nf3 Nc6 3. Bc4 Bc5 4. d3 Nf6 5. Nc3 d6 6. Be3 Nd4 7. Bxd4 Bxd4 8.
Nxd4 exd4 9. Nb5 c5 10. O-O a6 11. Na3 O-O 1/2-1/2

[Event "Niederbayrische Meisterschaft"]
[Site "?"]
[Date "2015.06.21"]
[Round "7.6"]
[White "Zinner, Bernhard"]
[Black "Lichtmannecker, Hans-Jürgen"]
[Result "1-0"]
[WhiteElo "1708"]
[BlackElo "1737"]
[PlyCount "59"]
[EventDate "2015.06.26"]
[SourceDate "2015.09.06"]
[WhiteTeam "TV 1862 Geiselhöring"]
[BlackTeam "SV Aham"]
[WhiteTeamCountry "GER"]
[BlackTeamCountry "GER"]

1. d4 f5 2. c4 g6 3. Nf3 Nf6 4. Nc3 Bg7 5. g3 d6 6. Bg2 c6 7. O-O O-O 8. b3 Qc7
9. Bb2 h6 10. Qc2 g5 11. e4 fxe4 12. Nxe4 Nxe4 13. Qxe4 Bf5 14. Qe2 e6 15. Rfe1
Qf7 16. h3 g4 17. Nh4 gxh3 18. Nxf5 Qxf5 19. g4 h2+ 20. Kh1 Qxf2 21. Qxe6+ Kh8
22. Re2 Qg3 23. Be4 Qh3 24. Bf5 Nd7 25. Qg6 Nf6 26. d5 Kg8 27. Be6+ Kh8 28. Rf2
Qh4 29. Rxh2 Qg5 30. Qxg5 1-0

[Event "Niederbayrische Meisterschaft"]
[Site "?"]
[Date "2015.06.21"]
[Round "7.8"]
[White "Schreiber, Egwin"]
[Black "Gschwendtner, Stanislav"]
[Result "0-1"]
[WhiteElo "1521"]
[BlackElo "2019"]
[PlyCount "58"]
[EventDate "2015.06.26"]
[SourceDate "2015.09.06"]
[WhiteTeam "SV Deggendorf"]
[BlackTeam "SC Bayerwald Regen/Zwiesel"]
[WhiteTeamCountry "GER"]
[BlackTeamCountry "GER"]

1. e4 c5 2. Nf3 d6 3. Be2 Nf6 4. e5 dxe5 5. Nxe5 e6 6. Bb5+ Nbd7 7. O-O a6 8.
Nxd7 Bxd7 9. Bxd7+ Qxd7 10. Nc3 Be7 11. b3 Rd8 12. d3 O-O 13. Bb2 b5 14. a3 Qc6
15. Qe2 Rd7 16. Rfd1 Rfd8 17. Rab1 h6 18. Qf1 Bd6 19. h3 e5 20. a4 b4 21. Ne2
Nd5 22. Re1 Nf4 23. Nxf4 exf4 24. f3 c4 25. dxc4 Bc5+ 26. Kh1 Rd2 27. Re2 Qg6
28. Rxd2 Rxd2 29. c3 Rf2 0-1

[Event "Niederbayrische Meisterschaft"]
[Site "?"]
[Date "2015.06.21"]
[Round "7.9"]
[White "Bangert, Rüdiger"]
[Black "Seidl, Josef"]
[Result "0-1"]
[WhiteElo "1614"]
[BlackElo "1177"]
[PlyCount "112"]
[EventDate "2015.06.26"]
[SourceDate "2015.09.06"]
[WhiteTeam "SC Bayerwald Regen/Zwiesel"]
[BlackTeam "TSV Kreuzberg"]
[WhiteTeamCountry "GER"]
[BlackTeamCountry "GER"]

1. d4 f5 2. g3 g6 3. Bg2 c6 4. Nf3 Nf6 5. c3 Bg7 6. Qb3 d6 7. Ng5 d5 8. O-O O-O
9. Bf4 h6 10. Nf3 Be6 11. Qxb7 Nbd7 12. Qxc6 Bf7 13. Ne5 Rc8 14. Qa4 g5 15.
Nxf7 Kxf7 16. Bd2 Ne4 17. Qxa7 Kg8 18. Qa6 Nb6 19. f3 Nf6 20. b3 Qd6 21. e3 Rc6
22. Qe2 Nh5 23. f4 g4 24. Be1 Qg6 25. a4 Rd6 26. a5 Ra8 27. Ra3 Nd7 28. a6 Nhf6
29. b4 Ne4 30. Nd2 Rdxa6 31. Rxa6 Rxa6 32. Nxe4 dxe4 33. Qc4+ Re6 34. Rf2 Kh7
35. h4 gxh3 36. Bxh3 Qxg3+ 37. Bg2 Rg6 38. Kf1 Nf6 39. Re2 Qg4 40. Ra2 Qh5 41.
Qe2 Qh2 42. Qf2 Qh5 43. Re2 Ng4 44. Qh4 Nh2+ 45. Qxh2 Qxh2 46. b5 Rb6 47. c4
Bxd4 48. exd4 Qxf4+ 49. Rf2 Qc1 50. Rxf5 Rf6 51. Bxe4 Qxc4+ 52. Kg2 Rg6+ 53.
Kh1 Kg7 54. Rf3 Rg5 55. b6 Qe2 56. Bc3 Qg2# 0-1